Tilastot visalle Suomen 100 suurinta järveä kartalla

Klikkaa tästä pelataksesi tätä visaa!

Yleistilastot

  • Tätä visaa on pelattu 284 kertaa
  • Keskiarvotulos 26 / 100

Vastaukset kartalla

Vastauksille on annettu kartalla punavihreä väri sen mukaan, kuinka moni on saanut sen oikein.
 

Vastaustilastot

JärvenosaPinta-ala (km²)Järvi% Oikein
Saimaa1377Saimaa
98%
1083Päijänne
90%
1040Inarijärvi
88%
887Oulujärvi
84%
257Näsijärvi
81%
207Pyhäjärvi
(Kitee)
81%
62Pyhäjärvi
(Kymenlaakso)
81%
122Pyhäjärvi
(Pyhäjärvi)
81%
59Pyhäjärvi
(Saarijärvi)
81%
155Pyhäjärvi
(Säkylä)
81%
122Pyhäjärvi
(Tampere)
81%
Saimaa361Pyhäselkä
81%
894Pielinen
72%
Iso-Kalla478Kallavesi
69%
145Lappajärvi
60%
315Lokka
57%
108Vesijärvi
(Päijät-Häme)
57%
39Vesijärvi
(Pirkanmaa)
57%
231Kemijärvi
55%
494Keitele
49%
88Lohjanjärvi
45%
149Porttipahta
41%
Saimaa601Orivesi
38%
150Vanajavesi
38%
154Kivijärvi
(Kannonkoski)
37%
76Kivijärvi
(Luumäki)
37%
Saimaa421Puruvesi
35%
Saimaa712Pihlajavesi
30%
331Puula
30%
66Ruovesi
30%
Saimaa562Haukivesi
29%
189Konnevesi
29%
37Iijärvi
27%
133Längelmävesi
27%
283Höytiäinen
26%
167Koitere
24%
110Mallasvesi – Roine
24%
110Pielavesi
24%
Kitkajärvi237Yli-Kitka
23%
39Isojärvi
21%
191Kiantajärvi
21%
47Kuusamojärvi
21%
130Kyyvesi
18%
65Lestijärvi
17%
37Kilpisjärvi
16%
64Leppävesi
16%
79Ruotsalainen
16%
117Keurusselkä
14%
164Iisvesi
13%
90Simojärvi
13%
79Kuolimo
12%
96Kyrösjärvi
12%
46Rautavesi
12%
96Rehja – Nuasjärvi
12%
91Simpelejärvi
12%
Iso-Kalla234Suvasvesi
12%
81Syväri
12%
Kitkajärvi49Ala-Kitka
11%
46Vaskivesi–Visuvesi
11%
Saimaa197Enonvesi
10%
46Pälkänevesi
10%
40Ähtärinjärvi
9%
220Juojärvi
9%
86Kermajärvi
9%
169Nilakka
9%
135Viinijärvi
9%
Iso-Kalla159Juurusvesi – Akonvesi
8%
55Tarjanne
8%
44Kukkia
7%
79Lentua
7%
76Muojärvi – Kirpistö
7%
114Onkivesi
7%
142Suontee
7%
58Suontienselkä-Paasvesi
7%
86Vuohijärvi
7%
56Ala-Suolijärvi
5%
101Kolima
5%
41Lievestuoreenjärvi
5%
53Miekojärvi
5%
50Mutusjärvi
5%
77Niinivesi
5%
105Ontojärvi – Nurmesjärvi
5%
80Unnukka
5%
57Vuotjärvi
5%
81Jääsjärvi
4%
40Koljonselkä
4%
50Konnivesi
4%
Iso-Kulovesi36Kulovesi
4%
59Kynsivesi – Leivonvesi
4%
47Lammasjärvi
4%
41Nitsijärvi
4%
43Palovesi
4%
55Sorsavesi
4%
63Rikkavesi
3%
46Alvajärvi
2%
44Kostonjärvi
2%
40Nuorajärvi
2%
40Vuosjärvi
2%
50Ryökäsvesi-Liekune
1%
55Vuokkijärvi
1%

Tulosjakauma

Persentiili vastausten määrän mukaan

Jokaisen tuloksen saaneiden osuus

Tuloshistoriasi

Et ole pelannut tätä visaa